XI Congreso Iberoamericano de Seguridad Social, 5-8 de diciembre 1995, Santiago de Chile / (Registro nro. 6010)
[ vista simple ]
| 000 -LEADER | |
|---|---|
| fixed length control field | 00902nam a2200217Ia 4500 |
| 003 - CONTROL NUMBER IDENTIFIER | |
| control field | OSt |
| 005 - DATE AND TIME OF LATEST TRANSACTION | |
| control field | 20200819173855.0 |
| 008 - FIXED-LENGTH DATA ELEMENTS--GENERAL INFORMATION | |
| fixed length control field | 191128s1995 sp gr 000 0 spa d |
| 040 ## - CATALOGING SOURCE | |
| Original cataloging agency | Co-JMCR |
| Transcribing agency | Co-JMCR |
| 041 0# - LANGUAGE CODE | |
| Language code of text/sound track or separate title | spa |
| 082 04 - DEWEY DECIMAL CLASSIFICATION NUMBER | |
| Classification number | 368.4 / |
| Item number | C749c |
| Edition number | 23 |
| 111 1# - MAIN ENTRY--MEETING NAME | |
| Meeting name or jurisdiction name as entry element | Congreso Iberoamericana de Seguridad Social ( 5-8 : diciembre : 1995 ) |
| Location of meeting | Punta del Este |
| 9 (RLIN) | 8946 |
| 245 10 - TITLE STATEMENT | |
| Title | XI Congreso Iberoamericano de Seguridad Social, 5-8 de diciembre 1995, Santiago de Chile / |
| Statement of responsibility, etc. | Congreso Iberoamericana de Seguridad Social |
| 260 ## - PUBLICATION, DISTRIBUTION, ETC. | |
| Place of publication, distribution, etc. | Madrid : |
| Name of publisher, distributor, etc. | Organización Iberoamericana de Seguridad Social, |
| Date of publication, distribution, etc. | 1995. |
| 300 ## - PHYSICAL DESCRIPTION | |
| Extent | 160 páginas |
| Dimensions | 28 cm. |
| 505 0# - FORMATTED CONTENTS NOTE | |
| Formatted contents note | Apertura del congreso -- Organos de gobierno de la Oiss -- Documentos técnicos del congreso -- Clausura del congreso |
| 650 24 - SUBJECT ADDED ENTRY--TOPICAL TERM | |
| Topical term or geographic name entry element | Congreso |
| 9 (RLIN) | 8947 |
| 650 24 - SUBJECT ADDED ENTRY--TOPICAL TERM | |
| Topical term or geographic name entry element | Seguridad Social Informe |
| 9 (RLIN) | 8948 |
| 650 24 - SUBJECT ADDED ENTRY--TOPICAL TERM | |
| Topical term or geographic name entry element | Seguridad social |
| 9 (RLIN) | 6217 |
| 942 ## - ADDED ENTRY ELEMENTS (KOHA) | |
| Source of classification or shelving scheme | Dewey Decimal Classification |
| Koha item type | Books |
| Withdrawn status | Lost status | Source of classification or shelving scheme | Materials specified (bound volume or other part) | Damaged status | Not for loan | Home library | Current library | Shelving location | Date acquired | Source of acquisition | Full call number | Barcode | Date last seen | Copy number | Price effective from | Koha item type |
|---|---|---|---|---|---|---|---|---|---|---|---|---|---|---|---|---|
| Dewey Decimal Classification | Donación--15/04/2018-- | Biblioteca Pública José María del Castillo y Rada | Biblioteca Pública José María del Castillo y Rada | General Stacks | 11/28/2019 | Donación | 368.4 / C654 | 430011359 | 05/16/2024 | Ej.1 | 11/28/2019 | Books |